Hodnotenie zmysluplnosti projektov podľa metódy Cost-benefit analysis
Analýza nákladov a výnosov pri hodnotení projektov. Základné pojmy, s ktorými pracuje analýza nákladov a výnosov. Ako sa postupuje pri realizácii analýzy nákladov a výnosov. Identifikácia a členenie zainteresovaných subjektov projektu. Identifikácia a prevod pozitívnych a negatívnych dopadov na hoto...
Enregistré dans:
| Auteur principal: | |
|---|---|
| Format: | Chapitre de livre |
| Langue: | slovaque |
| Sujets: | |
| Tags: |
Pas de tags, Soyez le premier à ajouter un tag!
|
MARC
| LEADER | 00000naa a2200000 4500 | ||
|---|---|---|---|
| 001 | 0143497 | ||
| 005 | 20231103073011.9 | ||
| 041 | 0 | |a slo | |
| 044 | |a SK | ||
| 245 | 1 | 0 | |a Hodnotenie zmysluplnosti projektov podľa metódy Cost-benefit analysis |c Jozef Priesol |
| 520 | |a Analýza nákladov a výnosov pri hodnotení projektov. Základné pojmy, s ktorými pracuje analýza nákladov a výnosov. Ako sa postupuje pri realizácii analýzy nákladov a výnosov. Identifikácia a členenie zainteresovaných subjektov projektu. Identifikácia a prevod pozitívnych a negatívnych dopadov na hotovostné toky. Výpočet kriteriálnych ukazovateľov. Stanovenie diskontnej sadzby. Interpretácia výsledkov. | ||
| 610 | 2 | 0 | |a projekty |
| 610 | 2 | 0 | |a analýza finančná |
| 610 | 2 | 0 | |a analýza nákladov a výnosov |
| 610 | 2 | 0 | |a náklady |
| 610 | 2 | 0 | |a výnosy |
| 610 | 2 | 0 | |a cash flow |
| 610 | 2 | 0 | |a sadzby diskontné |
| 100 | 1 | |a Priesol, Jozef | |